Science Quiz

Random Science or Chemistry Quiz
Score 0/26 Timer 06:00
0 Plays Today
Equation What the Letter Represents % Correct
F = mamass
89.9%
E = mc2speed of light
83.6%
v = vo + a tacceleration
83.3%
d = m/Vdensity
75.6%
1 J = 1 N mJoule
74.6%
14N + 4He ➔ 17O + 1Hoxygen
74.3%
dU = TdS - PdVinternal energy
67.6%
V = IRcurrent
60.7%
p = mvmomentum
57.4%
P = IVvoltage
56.9%
W = F d cos Θ work
53.2%
[P + a(n/V)2](V-nb) = nRTmoles
52.7%
ln (K2/K1) = ∆Hrxn/R (1/T1-1/T2)temperature
50.3%
Equation What the Letter Represents % Correct
q = m CPΔTheat
50.1%
F = G m1m2/r2gravitational constant
47.7%
ΔG = ΔH - T ΔSentropy
46.2%
PV = nRTideal gas constant
42.5%
∆H = ∆H1 + ∆H2 + ……enthalpy
39%
A = ε l c length
34.1%
▽• B = 0magnetic flux density
30.4%
▽• E = ρ/εoelectric field
25.1%
ε = εstandard - (RT/nF)ln QFaraday's constant
17.2%
k = A e( –Ea/RT)rate constant
13%
Psolvent in solution = xsolvent Psolventmole fraction
12.8%
E = -RHZ2 (1/nf2-1/ni2)atomic number
11.4%
Y = G + jBadmittance
2.9%
Remove Ads.
Support Sporcle.
Get the best of Sporcle when you Go Orange. This ad-free experience offers more features, more stats, and more fun while also helping to support Sporcle. Thank you for becoming a member.

You're not logged in!

Compare scores with friends on all Sporcle quizzes.
OR
Log In

Show Comments

Extras

Top Quizzes Today


Score Distribution

Your Account Isn't Verified!

In order to create a playlist on Sporcle, you need to verify the email address you used during registration. Go to your Sporcle Settings to finish the process.

Report this User

Report this user for behavior that violates our Community Guidelines.

Details: